[Event "GER-ch U25 op"]
[Site "Willingen"]
[Date "2008.05.17"]
[Round "9"]
[White "Holle, Eric"]
[Black "Glatting, Lisa"]
[Result "1/2-1/2"]
[WhiteElo "1400"]
[BlackElo "1762"]
[PlyCount "104"]
[EventDate "2008.05.11"]
[EventType "swiss"]
[EventRounds "9"]
[EventCountry "GER"]
[SourceTitle "CBM 124 Extra"]
[Source "ChessBase"]
[SourceDate "2008.07.03"]
[SourceVersion "1"]
[SourceVersionDate "2008.07.03"]
[SourceQuality "1"]

1. e4 e5 2. Nc3 Bc5 3. f4 d6 4. Nf3 Bg4 5. Bc4 Nf6 6. h3 Bxf3 7. Qxf3 Nbd7 8. d3 h6 9. Qg3 Qe7 10. Nd5 Nxd5 11. Bxd5 c6 12. Bb3 Qf6 13. Rf1 0-0 14. Qg4 Qe7 15. c3 Kh8 16. Rf3 Rae8 17. Bd2 Bb6 18. 0-0-0 Nf6 19. Qg3 Bc7 20. fxe5 Qxe5 21. Bf4 Qe7 22. Rdf1 Nh5 23. Qg4 Nxf4 24. Rxf4 f6 25. Rf5 Rd8 26. Qf3 b5 27. a4 a6 28. axb5 axb5 29. e5 dxe5 30. Qxc6 Rxd3 31. Qxb5 Qd7 32. Bc4 Rd2 33. R5f2 Qxb5 34. Bxb5 Rxf2 35. Rxf2 Rd8 36. Rd2 Rxd2 37. Kxd2 Kg8 38. Ke3 Kf8 39. c4 Bd6 40. Ke4 Ke7 41. Kd5 Bc7 42. Kc6 Kd8 43. b4 f5 44. c5 e4 45. Bc4 f4 46. b5 Kc8 47. b6 Bd8 48. b7+ Kb8 49. Kd7 Bc7 50. Bd5 e3 51. Bf3 Be5 52. c6 Bc7 1/2-1/2

[Event "GER-ch U25 op"]
[Site "Willingen"]
[Date "2008.05.13"]
[Round "5"]
[White "Reiser, Marck"]
[Black "Glatting, Lisa"]
[Result "1/2-1/2"]
[WhiteElo "1294"]
[BlackElo "1762"]
[PlyCount "54"]
[EventDate "2008.05.11"]
[EventType "swiss"]
[EventRounds "9"]
[EventCountry "GER"]
[SourceTitle "CBM 124 Extra"]
[Source "ChessBase"]
[SourceDate "2008.07.03"]
[SourceVersion "1"]
[SourceVersionDate "2008.07.03"]
[SourceQuality "1"]

1. d4 d5 2. c4 e6 3. Nc3 Nf6 4. Bg5 Be7 5. e3 Nc6 6. Nf3 0-0 7. Be2 h6 8. Bh4 Nh7 9. Bg3 Re8 10. 0-0 Nf6 11. Nb5 Bd6 12. Bxd6 cxd6 13. Nc3 dxc4 14. Bxc4 a6 15. a3 b5 16. Bd3 Bb7 17. b4 Rc8 18. Rc1 Nh7 19. Qd2 Ng5 20. Nxg5 Qxg5 21. Ne4 Qe7 22. Rc2 Rc7 23. Rfc1 Rec8 24. Qe2 Nd8 25. Rxc7 Rxc7 26. Rxc7 Qxc7 27. Qc2 Qe7 1/2-1/2

[Event "GER-ch U25 op"]
[Site "Willingen"]
[Date "2008.05.11"]
[Round "2"]
[White "Glatting, Lisa"]
[Black "Hager, Julius Arman"]
[Result "1-0"]
[WhiteElo "1762"]
[BlackElo "901"]
[PlyCount "111"]
[EventDate "2008.05.11"]
[EventType "swiss"]
[EventRounds "9"]
[EventCountry "GER"]
[SourceTitle "CBM 124 Extra"]
[Source "ChessBase"]
[SourceDate "2008.07.03"]
[SourceVersion "1"]
[SourceVersionDate "2008.07.03"]
[SourceQuality "1"]

1. e4 e5 2. Nf3 Nf6 3. d3 Nc6 4. Bg5 Be7 5. Nc3 d6 6. h3 Be6 7. Be2 d5 8. 0-0 dxe4 9. dxe4 Qxd1 10. Raxd1 0-0 11. a3 Rfe8 12. Bb5 Rad8 13. Bxc6 bxc6 14. Nxe5 c5 15. Nc6 Ra8 16. Nxe7+ Rxe7 17. Rd2 h6 18. Bxf6 gxf6 19. Rfd1 Ree8 20. f3 Kg7 21. Nd5 Rec8 22. Nf4 Rf8 23. Nxe6+ fxe6 24. Rd7+ Rf7 25. Rxf7+ Kxf7 26. Rd7+ Kg6 27. Rxc7 Rb8 28. b3 Rd8 29. Rxc5 Rd2 30. a4 e5 31. Rc7 Kg5 32. c4 a5 33. Ra7 Kf4 34. Kh2 h5 35. c5 Rc2 36. Rxa5 h4 37. Rb5 Ke3 38. Rb6 Kf2 39. Rxf6 Kf1 40. Rg6 Rxc5 41. Rd6 Rc2 42. Rd1+ Kf2 43. Rb1 Re2 44. b4 Ra2 45. a5 Ra4 46. b5 Rxa5 47. b6 Ra8 48. b7 Rb8 49. Rb3 Rg8 50. Rb2+ Kf1 51. b8Q Rxb8 52. Rxb8 Kf2 53. Re8 Kf1 54. Rxe5 Kf2 55. Ra5 Ke3 56. e5 1-0

[Event "GER-ch U25 op"]
[Site "Willingen"]
[Date "2008.05.11"]
[Round "1"]
[White "Kunz, Andre"]
[Black "Glatting, Lisa"]
[Result "1-0"]
[WhiteElo "1915"]
[BlackElo "1762"]
[PlyCount "99"]
[EventDate "2008.05.11"]
[EventType "swiss"]
[EventRounds "9"]
[EventCountry "GER"]
[SourceTitle "CBM 124 Extra"]
[Source "ChessBase"]
[SourceDate "2008.07.03"]
[SourceVersion "1"]
[SourceVersionDate "2008.07.03"]
[SourceQuality "1"]

1. e4 e5 2. Bc4 Bc5 3. Nc3 Nf6 4. f4 d6 5. Nf3 Bg4 6. d3 Nbd7 7. Na4 Qe7 8. Nxc5 Nxc5 9. 0-0 Ncd7 10. c3 0-0 11. Bb3 c6 12. h3 Bxf3 13. Qxf3 Rac8 14. Be3 a6 15. Rae1 Kh8 16. f5 Rg8 17. Kh1 Nc5 18. Bc2 Rcd8 19. b4 Ncd7 20. g4 c5 21. g5 Ne8 22. Bb3 Rc8 23. g6 Rf8 24. Bxf7 Rxf7 25. gxf7 Qxf7 26. Re2 Nef6 27. Rg2 cxb4 28. cxb4 Rc3 29. Rfg1 Ne8 30. Bc1 Ndf6 31. Bb2 Rc7 32. a3 Qe7 33. Rd2 b5 34. Rgg2 Rd7 35. Rc2 Rc7 36. Qd1 Qf7 37. Rxc7 Qxc7 38. Rc2 Qf7 39. Rc6 Qb7 40. Qc2 h6 41. d4 exd4 42. Bxd4 Qe7 43. Rxa6 Kh7 44. Ra7 Qxe4+ 45. Qxe4 Nxe4 46. Kg2 N8f6 47. Rb7 h5 48. Rxb5 g6 49. a4 Ne8 50. a5 1-0

[Event "Wuerttemberg-ch U14 Girls"]
[Site "Friedrichshafen"]
[Date "2005.03.29"]
[Round "1"]
[White "Mert, Yaprak"]
[Black "Glatting, Lisa"]
[Result "0-1"]
[WhiteElo "893"]
[BlackElo "1326"]
[PlyCount "60"]
[EventDate "2005.03.29"]
[EventType "swiss"]
[EventRounds "7"]
[EventCountry "GER"]
[SourceTitle "EXT 2007"]
[Source "ChessBase"]
[SourceDate "2006.11.23"]
[SourceVersion "1"]
[SourceVersionDate "2006.11.23"]
[SourceQuality "1"]

1. e4 e5 2. Nf3 Nc6 3. Nc3 d6 4. h3 Nf6 5. Bc4 Be7 6. 0-0 0-0 7. d3 Bd7 8. Bg5 h6 9. Bxf6 Bxf6 10. a3 Bg5 11. Nxg5 Qxg5 12. Qf3 Nd4 13. Qe3 Qg6 14. Qg3 Qxg3 15. fxg3 Nxc2 16. Rac1 Nd4 17. Nd5 Ne2+ 18. Kh1 Nxg3+ 19. Kh2 Nxf1+ 20. Rxf1 c6 21. Ne7+ Kh7 22. Bxf7 Be6 23. Bg6+ Kh8 24. Re1 Rf2 25. Rb1 Rd2 26. Bf5 Bxf5 27. Nxf5 Rd8 28. b4 Rxd3 29. Ra1 Rf8 30. Rf1 Rxa3 0-1

[Event "GER-chT U12"]
[Site "Verden an der Aller"]
[Date "2003.12.27"]
[Round "2.3"]
[White "Grimm, Pascal"]
[Black "Glatting, Lisa"]
[Result "1-0"]
[WhiteElo "1315"]
[BlackElo "1219"]
[PlyCount "92"]
[EventDate "2003.12.27"]
[EventType "team-swiss"]
[EventRounds "7"]
[EventCountry "GER"]
[SourceTitle "EXT 2022"]
[Source "ChessBase"]
[SourceDate "2021.10.06"]
[SourceVersion "1"]
[SourceVersionDate "2021.10.06"]
[SourceQuality "1"]
[WhiteTeam "Postbauer Heng"]
[BlackTeam "Oberkochen"]
[WhiteTeamCountry "GER"]
[BlackTeamCountry "GER"]

1. c4 e5 2. Nc3 Nf6 3. g3 Bc5 4. Bg2 Nc6 5. d3 d6 6. Nf3 0-0 7. a3 Be6 8. Bg5 h6 9. Bxf6 Qxf6 10. Ne4 Qd8 11. Nxc5 dxc5 12. 0-0 Rb8 13. Nd2 a6 14. Ne4 b6 15. Rb1 Qe7 16. Re1 Rfd8 17. Qa4 Bd7 18. Qd1 a5 19. Nc3 Nd4 20. Nd5 Qd6 21. b4 cxb4 22. axb4 axb4 23. Nxb4 Nc6 24. Nd5 Be6 25. Nc3 Bd7 26. Nb5 Qc5 27. Nxc7 Rdc8 28. Na6 Qd6 29. Nxb8 Rxb8 30. Qd2 Nd4 31. e3 Nc6 32. Rb2 Qf6 33. Reb1 Ne7 34. Qc2 Rb7 35. Bxb7 Be6 36. Rxb6 Qg6 37. Be4 Qf6 38. Rb8+ Nc8 39. Bb7 Kh7 40. Bxc8 Bxc8 41. Rxc8 Qe6 42. d4+ g6 43. Rbb8 Kg7 44. d5 Qd6 45. Rg8+ Kf6 46. Rbc8 Qd7 1-0

[Event "GER-chT U12"]
[Site "Seifhennersdorf"]
[Date "2001.12.28"]
[Round "4.4"]
[White "Glatting, Lisa"]
[Black "Heistermann, Till"]
[Result "0-1"]
[WhiteElo "800"]
[BlackElo "1240"]
[PlyCount "78"]
[EventDate "2001.12.27"]
[EventType "team-tourn"]
[EventRounds "7"]
[EventCountry "GER"]
[SourceTitle "EXT 2003"]
[Source "ChessBase"]
[SourceDate "2002.11.25"]
[SourceVersion "1"]
[SourceVersionDate "2002.11.25"]
[SourceQuality "1"]

1. e4 c5 2. Nf3 Nc6 3. c3 Nf6 4. d4 e6 5. e5 Nd5 6. Bc4 Nb6 7. Nbd2 cxd4 8. Bd3 dxc3 9. bxc3 d6 10. Bb5 Bd7 11. 0-0 Nxe5 12. Bxd7+ Nbxd7 13. Nxe5 Nxe5 14. Ne4 d5 15. Ng5 Be7 16. Nf3 Nxf3+ 17. Qxf3 Bf6 18. Qg3 Rc8 19. Bd2 Qc7 20. Rac1 Qxg3 21. fxg3 0-0 22. g4 d4 23. cxd4 Bxd4+ 24. Kh1 Rc6 25. Rxc6 bxc6 26. Bb4 c5 27. Rd1 Rb8 28. h3 Rxb4 29. a3 Rb3 30. a4 g6 31. a5 Ra3 32. Rb1 Ra1 33. Rxa1 Bxa1 34. a6 c4 35. Kg1 c3 36. Kf1 c2 37. Ke1 c1Q+ 38. Ke2 Bd4 39. Kf3 Qe3# 0-1